| 000 | 01410nam a2200265Ia 4500 | ||
|---|---|---|---|
| 003 | CO-CtgCURN | ||
| 005 | 20250408232243.0 | ||
| 008 | 190723s2004 xx 000 0 und d | ||
| 020 | _a9586906590 | ||
| 040 |
_aCO-CtgCURN _bspa _ccoctgcurn |
||
| 082 |
_a346.043 _bB562a |
||
| 100 |
_aBetancur Echeverri, Jorge Humberto _eautor _98930 |
||
| 245 | 0 |
_aAspectos sustanciales de la extinción del dominio de bienes / _cJorge Humberto Betancur Echeverri |
|
| 260 |
_aBogotá, Colombia : _bLeyer, _c2004 |
||
| 300 |
_a144 páginas ; _c22 centímetros. |
||
| 500 | _aIncluye introducción e índice | ||
| 504 | _aIncluye referencias bibliográficas (p. [143] - 144) | ||
| 505 | _a1. Génesis constitucional y legal -- 2. Concepto de extinción de dominio -- 3. Los bienes comprometidos -- 4. De la naturaleza de la acción -- 5. Principios fundamentales que asisten la ley de extinción de dominio -- 6. Causales de extinción -- 7. El indulto y la amnistía -- 8. Diferencias entre la declaración de extinción del domino y el comiso penal -- 9. La autonomía del proceso de extinción del dominio de bienes. | ||
| 521 | _aAREA PROFESIONAL | ||
| 590 | _aPrograma de Derecho_18 | ||
| 650 |
_aExtinción de dominio _98931 _zColombia |
||
| 650 |
_aPropiedad _zColombia _98932 |
||
| 942 |
_cBK _h346.043 _iB562a _2ddc _n0 |
||
| 999 |
_c29235 _d29235 |
||